Statistics for Name all colors of the rainbow in 30 seconds

Click here to take the quiz!

General Stats

  • This quiz has been taken 51 times
  • The average score is 6 of 7

Answer Stats

Answer% Correct
Orange
100%
Red
100%
Yellow
100%
Green
98%
Blue
95%
Violet
70%
Indigo
63%

Score Distribution

Percentile by Number Answered

Percent of People with Each Score

Your Score History

You have not taken this quiz